| 000 | 00421nam a2200193Ia 4500 | ||
|---|---|---|---|
| 003 | OSt | ||
| 005 | 20251118154106.0 | ||
| 008 | 250729s1900 xx 000 0 und d | ||
| 020 | _a978-0895050533 | ||
| 040 | _cAL | ||
| 041 | _aeng | ||
| 082 | _a158.1 MARF | ||
| 100 |
_aMarty E Martin _9224520 |
||
| 245 | _aFriendship | ||
| 260 | _aTexas | ||
| 300 | _a226p | ||
| 650 |
_aPsychology _9224521 |
||
| 942 |
_2ddc _cBED |
||
| 999 |
_c236451 _d236451 |
||